000 00950nam a2200253 a 4500
001 22428
003 BD-RjUL
005 20250527144743.0
008 880808t19671876nyu 001 1 eng
035 _a(BD-RjUL)22493
040 _aDLC
_cMIA
_dBD-RjUL
_beng
041 _aeng
082 0 0 _a824.7
_bWOP 1967
100 1 _aWordsworth, William,
_d1770-1850.
_969250
245 1 4 _aThe prose works of William Wordsworth /
_cFor the first time collected, with additions from unpublished manuscripts. Edited, with preface, notes and illustrations, by the Rev. Alexander B. Grosart.
260 _aNew York :
_bAMS Press,
_c1876 [Printing 1967].
300 _av. ;
_c23 cm.
504 _aIncludes index.
505 0 _av. 1. Political and ethical.--v. 2. Aesthetical and literary.--v. 3. Critical and ethical.
650 0 _aEnglish literature.
_969251
700 1 _aGrosart, Alexander Balloch,
_d1827-1899.
_915667
942 _2ddc
_cBK
999 _c22428
_d22428